<?xml version="1.0" encoding="UTF-8"?>
<record
    xmlns:xsi="http://www.w3.org/2001/XMLSchema-instance"
    xsi:schemaLocation="http://www.loc.gov/MARC21/slim http://www.loc.gov/standards/marcxml/schema/MARC21slim.xsd"
    xmlns="http://www.loc.gov/MARC21/slim">

  <leader>01012nam a22002537a 4500</leader>
  <controlfield tag="001">4959</controlfield>
  <controlfield tag="003">FISKH</controlfield>
  <controlfield tag="005">20241028150952.0</controlfield>
  <controlfield tag="008">241028b        cb ||||| |||| 00| 0 eng d</controlfield>
  <datafield tag="020" ind1=" " ind2=" ">
    <subfield code="a">9781426308093</subfield>
  </datafield>
  <datafield tag="040" ind1=" " ind2=" ">
    <subfield code="a">FISKH</subfield>
    <subfield code="b">eng</subfield>
    <subfield code="c">FISKH</subfield>
    <subfield code="d">FISKH</subfield>
  </datafield>
  <datafield tag="050" ind1=" " ind2=" ">
    <subfield code="a">GN293.S56</subfield>
  </datafield>
  <datafield tag="082" ind1=" " ind2=" ">
    <subfield code="a">393.3</subfield>
  </datafield>
  <datafield tag="100" ind1=" " ind2=" ">
    <subfield code="a">Sloan, Christopher</subfield>
  </datafield>
  <datafield tag="245" ind1=" " ind2=" ">
    <subfield code="a">Mummies :</subfield>
    <subfield code="b">Dried, Tanned, Sealed, Drained, Frozen, Embalmed, Stuffed, Wrapped, and Smoked...and We're Dead Serious (National Geographic Kids) /</subfield>
    <subfield code="c">by Christopher Sloan</subfield>
  </datafield>
  <datafield tag="260" ind1=" " ind2=" ">
    <subfield code="a">Washington, DC :</subfield>
    <subfield code="b">National Geographic ;</subfield>
    <subfield code="c">2010 .</subfield>
  </datafield>
  <datafield tag="300" ind1=" " ind2=" ">
    <subfield code="a">48 pages : </subfield>
    <subfield code="b">color illustrations ; </subfield>
    <subfield code="c">28 cm . </subfield>
  </datafield>
  <datafield tag="490" ind1=" " ind2=" ">
    <subfield code="a">National Geographic Kids</subfield>
  </datafield>
  <datafield tag="520" ind1=" " ind2=" ">
    <subfield code="a">Investigate mysteries from the grave in this creepy-fun compendium of the world's most fascinating mummies. Learn what the experts have discovered about each mummy's life and death.</subfield>
  </datafield>
  <datafield tag="650" ind1=" " ind2=" ">
    <subfield code="a">Russian History</subfield>
    <subfield code="v">non-fiction</subfield>
  </datafield>
  <datafield tag="700" ind1=" " ind2=" ">
    <subfield code="a">Terry, Robin</subfield>
    <subfield code="e">project editor </subfield>
  </datafield>
  <datafield tag="942" ind1=" " ind2=" ">
    <subfield code="2">ddc</subfield>
    <subfield code="c">BK</subfield>
    <subfield code="n">0</subfield>
  </datafield>
  <datafield tag="999" ind1=" " ind2=" ">
    <subfield code="c">4959</subfield>
    <subfield code="d">4959</subfield>
  </datafield>
  <datafield tag="952" ind1=" " ind2=" ">
    <subfield code="0">0</subfield>
    <subfield code="1">0</subfield>
    <subfield code="2">ddc</subfield>
    <subfield code="4">0</subfield>
    <subfield code="7">0</subfield>
    <subfield code="8">NFIC</subfield>
    <subfield code="a">001</subfield>
    <subfield code="b">001</subfield>
    <subfield code="c">SNS</subfield>
    <subfield code="d">2024-10-28</subfield>
    <subfield code="l">0</subfield>
    <subfield code="o">SLO 393.3 GN293.S56</subfield>
    <subfield code="p">FISSE00958</subfield>
    <subfield code="r">2024-10-28 15:09:47</subfield>
    <subfield code="w">2024-10-28</subfield>
    <subfield code="y">BK</subfield>
  </datafield>
</record>
